| 000 | 00750cam a2200253 i 4500 | ||
|---|---|---|---|
| 008 | |||
| 020 | _a9781846617423 (pbk.) | ||
| 049 | _aMAIN | ||
| 090 |
_aKD2115 _bIMP |
||
| 100 | 1 | _aImpey, David. | |
| 245 | 1 | 0 |
_aRunning a limited company / _cDavid Impey [and] Nicholas Montague. |
| 250 | _a8th ed. | ||
| 260 |
_aBristol : _bJordans, _c2013. |
||
| 300 |
_axviii, 331 p. : _bill. ; _c25 cm. |
||
| 500 | _aIncludes index. | ||
| 650 | 0 |
_aPrivate companies _zGreat Britain. |
|
| 650 | 0 |
_aLimited partnership _zGreat Britain. |
|
| 700 | 1 |
_aMontague, Nicholas, _eauthor. |
|
| 907 |
_a.b10373287 _b02-06-16 _c26-05-16 |
||
| 003 | |||
| 005 | 20230123122214.0 | ||
| 040 | _cNUST | ||
| 942 |
_cBOOKS _kKD2115 _mIMP |
||
| 999 |
_c129641 _d129641 |
||